Teoría del lenguaje

Salvato in:
Dettagli Bibliografici
Autore principale: Buhler, Karl (Autore)
Natura: Libro
Lingua:spagnolo
Pubblicazione: Madrid Alianza 1967
Edizione:3a. ed
Serie:Selecta de Revista de Occidente
Soggetti:
Tags: Aggiungi Tag
Nessun Tag, puoi essere il primo ad aggiungerne!!

MARC

LEADER 00000nam a2200000 a 4500
001 UCM2217
003 CL-VaPUC
008 020425e19670000SP |||||||||||||||||spa|d
082 0 4 |a 401  |b BUH  |2 21 
100 |a Buhler, Karl  |e author  |9 335690 
245 1 0 |a Teoría del lenguaje 
250 |a 3a. ed 
300 |a 622 p 
942 |c BK 
945 |d 20020425 00:00:00  |a cmena 
260 |a Madrid  |b Alianza  |c 1967 
650 7 |a TEORIA LINGUISTICA  |2 CL-VaPUC  |9 334835 
650 0 |a Lingüística  |9 265068 
650 0 |a Filosofía   |9 223554 
650 0 |a Filología   |9 321245 
650 0 |a Lingüística  |9 265068 
583 |a last modification  |c 20020425 00:00:00  |k Rodrigo Vera 
490 0 |a Selecta de Revista de Occidente 
999 |c 300189  |d 300187 
952 |0 0  |1 0  |4 0  |6 401_000000000000000_BUH_1967  |7 0  |8 A  |9 357634  |a BIBEDU  |b BIBEDU  |d 2019-11-21  |i 3812162  |o 401 BUH 1967  |p 3812162  |r 2019-11-21  |w 2019-11-21  |y BK  |k LIT